Mais ou et donc or ni car : géographie - Statistiques

Statistiques générales
  • Ce quiz a été pris 764 fois
  • Le résultat moyen est 12 sur 19
Statistiques - réponses
Hint Réponse % Correct
Résidence du président américain Mais
90%
Pays qui abrite New York Et
86%
Ville de France célèbre pour sa promenade des Anglais Ni
86%
L'un des aéroports de Paris Or
83%
Capitale du Venezuela Car
77%
Capitale de Chypre Ni
75%
Commune de Seine-Maritime connue pour ses falaises Et
74%
Pays dont la capitale est Niamey Ni
74%
2 ème ville d'Algérie par sa population Or
72%
Chaîne de montagnes située en Russie Ou
69%
Pays dont la capitale est Addis-Abeba Et
65%
Pays dont la capitale est Tachkent Ou
63%
Pays dont la capitale est Kampala Ou
59%
Etat de la côte ouest des Etats-Unis Or
53%
Préfecture de l'Aude Car
49%
Ville du 94 où est située la plus ancienne école vétérinaire au monde Mais
43%
Commune des Yvelines qui abrite un hippodrome Mais
26%
Sous-préfecture du Vaucluse Car
23%
Queue d'une fleur Donc
18%
Aucun quiz correspondant
Distribution des résultats
% des personnes avec chaque résultat
Percentile par nombre de réponses
Votre historique - résultats
Vous n’avez pas pris ce quiz